00595naa a2200121 i 45000010005000000030009000050050017000140080041000310400036000721000144001082450088002527730133003408666KOSZ 00520180223142330.0180223s2000 pl | | |000 ||pol d cKOSZ 005aKOSZ 005dKOSZ 005/HR1 aKLONOWSKA-MATYNIA, Maria.d1999 - .bPolitechnika Koszalińska - Wydział Ekonomii i Zarządzania,cKatedra Marketingu Międzynarodowego10aWpływ procesów globalizacji na kształtowanie marki produktu /cMaria Klonowska.0 iW :tKoszalińskie Studia i Materiały. -dKoszalin : Wydaw. Uczelniane Politechniki Koszalińskiej, 2000. -gnr 2, s. 95-106.